000 00471nam a2200145Ia 4500
008 090711s9999 xx 000 0 und d
082 _b52193
100 _aसोहोनी रमणलाल
245 _aवाघाSाी पालखी
600 _aसोहोनी रमणलाल
630 _aवाघाSाी पालखी
700 _aसोहोनी रमणलाल
730 _aवाघाSाी पालखी
942 _cBOOK
999 _c322357
_d322357